000 00670nam a2200157 a 4500
008 070323s2006 xx |||||||||||||| || u
050 _aTHESIS
100 _aNkhata, Chikoti Edson
245 1 0 _aProduction of ammonium nitrate
_cthesis supervised by Ntengwe,F
260 _a
_bCopperbelt University,School Of Technology,Department Of Chemical Engineering
_c2006
350 _a0.00
650 0 _aCHEMISTRY--HANDBOOKS, MANUALS, ETC
650 _aFERTILIZER TECHNOLOGY
650 _aCHEMICAL REACTIONS--AMMONIUM NITRATE
995 _D0.00
_FCBU-MAIN LIBRARY (Kitwe)
_H1
_I0.00
_M1
_UAVAILABLE
_WMar 23, 2007
_ZUniversity Collection
999 _c54902
_d54902